[Event "Alegre op"]
[Site "Alegre"]
[Date "2024.03.08"]
[Round "1"]
[White "Candido, Eduardo Da Silva"]
[Black "Borgmann, Alexandre"]
[Result "1/2-1/2"]
[WhiteElo "1680"]
[BlackElo "1763"]
[PlyCount "86"]
[EventDate "2024.03.08"]
[EventType "swiss"]
[EventRounds "5"]
[EventCountry "BRA"]
[SourceTitle "CB12_2024"]
[SourceDate "2023.10.01"]
[SourceVersion "1"]
[SourceVersionDate "2023.10.01"]
[SourceQuality "1"]

1. e4 c5 2. Nf3 Nc6 3. Bb5 a6 4. Bxc6 bxc6 5. 0-0 e6 6. c4 d5 7. d3 Be7 8. Nc3 Nf6 9. e5 Nd7 10. b3 0-0 11. Qe2 Rb8 12. Ba3 Nb6 13. Rab1 a5 14. Nd2 Ba6 15. Rb2 Qc7 16. Rfb1 h6 17. f4 f5 18. Qf2 d4 19. Na4 Nxa4 20. bxa4 Rxb2 21. Rxb2 Rb8 22. Nf3 Rxb2 23. Qxb2 g6 24. Qf2 Bc8 25. Nd2 Qa7 26. Nb3 Kf7 27. Qd2 g5 28. Qxa5 Qd7 29. g3 gxf4 30. gxf4 Bh4 31. Kg2 Kg8 32. Qd2 Qg7+ 33. Kh1 Kh7 34. Qg2 Qa7 35. Bxc5 Qxa4 36. Bf8 Qa7 37. Qh3 Qf7 38. Bxh6 Qh5 39. Bg5 Qd1+ 40. Kg2 Qe2+ 41. Kg1 Qf2+ 42. Kh1 Qe1+ 43. Kg2 Qf2+ 1/2-1/2

[Event "Criciuma op-B"]
[Site "Criciuma"]
[Date "2024.01.18"]
[Round "9"]
[White "Candido, Eduardo Da Silva"]
[Black "Pereira, Gabriel"]
[Result "1-0"]
[WhiteElo "1792"]
[BlackElo "1323"]
[PlyCount "107"]
[EventDate "2024.01.12"]
[EventType "swiss"]
[EventRounds "9"]
[EventCountry "BRA"]
[SourceTitle "CB04_2024"]
[SourceDate "2023.10.16"]
[SourceVersion "1"]
[SourceVersionDate "2023.10.16"]
[SourceQuality "1"]

1. e4 c5 2. Nf3 Nc6 3. Bb5 e6 4. Bxc6 bxc6 5. b3 d5 6. d3 dxe4 7. dxe4 Qxd1+ 8. Kxd1 Nf6 9. e5 Nd7 10. c4 a5 11. Nc3 Nb6 12. a4 Be7 13. Kc2 0-0 14. Ba3 Nd7 15. Ne4 f5 16. Nd6 Bxd6 17. exd6 Bb7 18. Rhe1 Rf6 19. Ne5 Rd8 20. f4 Nxe5 21. fxe5 Rg6 22. Re2 Bc8 23. Bxc5 Bd7 24. Bb6 Ra8 25. Kc3 Kf7 26. g3 h5 27. b4 axb4+ 28. Kxb4 Rh6 29. Be3 Rhh8 30. h4 Ra6 31. a5 Rb8+ 32. Kc3 Rba8 33. Rea2 g6 34. Kb3 Rb8+ 35. Bb6 Ke8 36. c5 Bc8 37. Kc3 Raa8 38. Rb2 Ba6 39. Rab1 Kd7 40. Kd4 Rb7 41. Bc7 Rb5 42. Rxb5 cxb5 43. Ke3 Kc6 44. Rd1 Bc8 45. Bb6 Bd7 46. Kf4 Be8 47. Kg5 Bd7 48. Rd3 b4 49. Kxg6 Rg8+ 50. Kf7 Rg4 51. a6 Re4 52. a7 Kb7 53. Ke7 Bb5 54. d7 1-0

[Event "Criciuma op-B"]
[Site "Criciuma"]
[Date "2024.01.15"]
[Round "5"]
[White "Candido, Eduardo Da Silva"]
[Black "Da Silva, Kauan Carlos Cardos"]
[Result "1-0"]
[WhiteElo "1792"]
[BlackElo "1133"]
[PlyCount "59"]
[EventDate "2024.01.12"]
[EventType "swiss"]
[EventRounds "9"]
[EventCountry "BRA"]
[SourceTitle "CB04_2024"]
[SourceDate "2023.10.16"]
[SourceVersion "1"]
[SourceVersionDate "2023.10.16"]
[SourceQuality "1"]

1. d4 d5 2. Bf4 Nf6 3. Nf3 c5 4. e3 Nc6 5. dxc5 Qa5+ 6. Nc3 Ne4 7. Qd3 Nxc3 8. bxc3 Qxc5 9. Rd1 e6 10. Be2 Bd7 11. 0-0 Bd6 12. Bxd6 Qxd6 13. e4 Ne7 14. Qd4 0-0 15. c4 Bc6 16. cxd5 exd5 17. c4 Qa3 18. cxd5 Rfd8 19. Qc4 b5 20. Qb3 Qxb3 21. axb3 Be8 22. Rc1 Rac8 23. b4 Ng6 24. g3 Ne7 25. Nd4 f5 26. f3 fxe4 27. fxe4 Ng6 28. Nxb5 Bxb5 29. Bxb5 Nf4 30. Rc5 1-0

[Event "Criciuma op-B"]
[Site "Criciuma"]
[Date "2024.01.13"]
[Round "2"]
[White "Mariani, Kim Paul"]
[Black "Candido, Eduardo Da Silva"]
[Result "1-0"]
[WhiteElo "1530"]
[BlackElo "1792"]
[PlyCount "63"]
[EventDate "2024.01.12"]
[EventType "swiss"]
[EventRounds "9"]
[EventCountry "BRA"]
[SourceTitle "CB04_2024"]
[SourceDate "2023.10.16"]
[SourceVersion "1"]
[SourceVersionDate "2023.10.16"]
[SourceQuality "1"]

1. e4 c5 2. Nf3 g6 3. c3 Bg7 4. d4 cxd4 5. cxd4 d5 6. Bb5+ Bd7 7. Bxd7+ Qxd7 8. e5 e6 9. Nc3 Ne7 10. b3 Nbc6 11. Ba3 0-0 12. 0-0 Rfc8 13. Rc1 a6 14. Na4 Qd8 15. Bc5 Rab8 16. Nb6 Rc7 17. Bd6 Nc8 18. Nxc8 Rbxc8 19. Bxc7 Rxc7 20. Qd2 h5 21. Rb1 a5 22. a3 b5 23. Rfc1 a4 24. bxa4 bxa4 25. Qc2 Bh6 26. Nd2 Rc8 27. Qxa4 Bxd2 28. Rxc6 Rxc6 29. Qxc6 Qh4 30. Qe8+ Kg7 31. Rb8 Kh6 32. Qh8+ 1-0